Statistics for Artists That Have Worked with 50 Cent

Click here to take the quiz!

General Stats

  • This quiz has been taken 7 times
  • The average score is 10 of 34

Answer Stats

Artist% Correct
Dr Dre
100%
Eminem
100%
Snoop Dogg
83%
The Game
83%
Lloyd Banks
50%
Tony Yayo
50%
Akon
33%
Busta Rhymes
33%
Jeremih
33%
Justin Timberlake
33%
Kendrick Lamar
33%
Nicole Scherzinger
33%
Young Buck
33%
Adam Levine
17%
Alicia Keys
17%
Cashis
17%
Charlie Wilson
17%
Conway the Machine
17%
DMX
17%
Kidd Kidd
17%
LL Cool J
17%
Mobb Deep
17%
Moneybag Yo
17%
Nas
17%
Nate Dogg
17%
Pharrell Williams
17%
Proof
17%
Pusha T
17%
Styles P
17%
Jadakiss
0%
Kobe Bryant
0%
Pop Smoke
0%
Post Malone
0%
Prodigy
0%

Score Distribution

Percentile by Number Answered

Percent of People with Each Score

Your Score History

You have not taken this quiz